| 000 | 00417cam a2200169ua 4500 | ||
|---|---|---|---|
| 020 | _c1.00 | ||
| 041 |
_amal _h |
||
| 082 |
_a894.812308 _bSAR/AV |
||
| 100 | _aSarachandra, Chatterji . | ||
| 245 |
_aAval Vivahithayanu / _cSarachandra Chatterji. _hTextual Documents |
||
| 260 |
_aCalicut : _bP.K Brothers , _c1961. |
||
| 300 | _a155 ; . | ||
| 365 | _a1.00 | ||
| 504 | _a | ||
| 942 | _cBK | ||
| 999 |
_c727 _d727 |
||